| 000 | 00716nam a22002177a 4500 | ||
|---|---|---|---|
| 003 | OSt | ||
| 005 | 20251121115125.0 | ||
| 008 | 251121b |||||||| |||| 00| 0 eng d | ||
| 020 | _a971-0305-22-0 | ||
| 040 |
_aDWC-Main lib _cOC |
||
| 082 | _aRes. 265.6 B324 2005 | ||
| 100 | _aPaul, J. | ||
| 245 |
_aGo in peace : _ba gift of enduring love _cPaul, John II |
||
| 260 |
_aPhilippines : _bJesuit Communication Foundation, Inc., _c c2005 |
||
| 300 |
_a244 pages : _c22 cm. |
||
| 650 | _2Catholic church-doctrines | ||
| 650 | _2Christian life-Catholics authors | ||
| 650 | _2Penance | ||
| 700 |
_aDurepos, Joseph _eeditor |
||
| 942 |
_2ddc _cBK-0 CIRC _hRes. 265.6 B324 2005 _kRes _n0 |
||
| 999 |
_c5987 _d5987 |
||